Online
Catalog

Franco en la guerra civil : (Record no. 6763)

MARC details
000 -CABECERA
campo de control de longitud fija 01006cam a2200289 a 4500
001 - NÚMERO DE CONTROL
campo de control 000006979
005 - FECHA Y HORA DE LA ÚLTIMA TRANSACCIÓN
campo de control 20260522124740.0
008 - DATOS DE LONGITUD FIJA--INFORMACIÓN GENERAL
campo de control de longitud fija 930513s1992 sp b 001 0bspa
020 ## - NÚMERO INTERNACIONAL ESTÁNDAR DEL LIBRO
Número Internacional Estándar del Libro 847223648X
040 ## - FUENTE DE LA CATALOGACIÓN
Centro catalogador/agencia de origen DO-SdBNP
Lengua de catalogación spa
Centro/agencia transcriptor DLC
Centro/agencia modificador BNPHU
082 ## - NÚMERO DE LA CLASIFICACIÓN DECIMAL DEWEY
Número de clasificación 923.546
Número de documento/Ítem F825t
049 ## - FONDOS LOCALES (OCLC)
Fondos de biblioteca BNGR
100 1# - ENTRADA PRINCIPAL--NOMBRE DE PERSONA
Nombre de persona Tusell, Javier,
Fechas asociadas al nombre 1945-2005
Forma completa/desarrollada del nombre (Javier Tusell Gómez)
9 (RLIN) 19397
245 10 - MENCIÓN DE TÍTULO
Título Franco en la guerra civil :
Resto del título una biografía política /
Mención de responsabilidad, etc. Javier Tusell.
260 ## - PUBLICACIÓN, DISTRIBUCIÓN, ETC.
Lugar de publicación, distribución, etc. Barcelona :
Nombre del editor, distribuidor, etc. Tusquets,
Fecha de publicación, distribución, etc. 1992.
300 ## - DESCRIPCIÓN FÍSICA
Extensión 428 p. ;
Dimensiones 23 cm.
490 0# - MENCIÓN DE SERIE
Mención de serie Andanzas
Designación de volumen o secuencia 177
504 ## - NOTA DE BIBLIOGRAFÍA, ETC.
Nota de bibliografía, etc. "Fuentes y bibliografía": p. 393-399.
500 ## - NOTA GENERAL
Nota general Incluye índice.
600 14 - PUNTO DE ACCESO ADICIONAL DE MATERIA--NOMBRE DE PERSONA
Nombre de persona Franco, Francisco,
Fechas asociadas al nombre 1892-1975.
9 (RLIN) 19398
651 #4 - PUNTO DE ACCESO ADICIONAL DE MATERIA--NOMBRE GEOGRÁFICO
Nombre geográfico España
Subdivisión general Política Y Gobierno
Subdivisión cronológica 1931-1939.
9 (RLIN) 18898
650 #4 - PUNTO DE ACCESO ADICIONAL DE MATERIA--TÉRMINO DE MATERIA
Término de materia o nombre geográfico como elemento de entrada Jefes de estado
Subdivisión geográfica España
Subdivisión general Biografía.
9 (RLIN) 19399
650 #0 - PUNTO DE ACCESO ADICIONAL DE MATERIA--TÉRMINO DE MATERIA
Término de materia o nombre geográfico como elemento de entrada GENERALES
Subdivisión geográfica ESPAÑA
Subdivisión general BIOGRAFÍAS
9 (RLIN) 19400
651 #4 - PUNTO DE ACCESO ADICIONAL DE MATERIA--NOMBRE GEOGRÁFICO
Nombre geográfico España
Subdivisión general Guerra Civil
Subdivisión cronológica 1936-1939
9 (RLIN) 19401
830 #0 - PUNTO DE ACCESO ADICIONAL DE SERIE-TÍTULO UNIFORME
Título uniforme Andanzas ;
Designación de volumen o secuencia 177
9 (RLIN) 18113
910 ## - DATOS DE OPCIÓN DEL USUARIO (OCLC)
Datos de opción del usuario Catalogación derivada
Holdings
Estado de retiro Estado de pérdida Restricciones de uso No para préstamo Código de colección Localización permanente Ubicación/localización actual Ubicación en estantería Fecha de adquisición Número de inventario Total de préstamos Signatura topográfica completa Código de barras Fecha visto por última vez Precio válido a partir de Tipo de ítem Koha
    Préstamo interno   Monografías: Libros y Folletos General General En catalogación 03.09.2009 LF1   923.546 F825t 6979-10 25.06.2020 25.06.2020 Préstamo interno

Powered by Koha